| 000 | 01958nam0a2200361 4500 | ||
|---|---|---|---|
| 001 | RU\NLR\bibl\1391179 | ||
| 005 | 20260407203807.0 | ||
| 010 | _a978-5-87978-489-3 | ||
| 021 |
_aRU _b2009-37793 _92294 |
||
| 035 | _a(nilc)RSL-KNO-004324124 | ||
| 035 | _a(NLR Aleph) 001383218 | ||
| 090 |
_a1115296 _c1115296 |
||
| 100 | _a20090515d2008 |||y0rusy50 ca | ||
| 101 | 0 | _arus | |
| 102 | _aRU | ||
| 105 | _aa zzzz||||| | ||
| 200 | 1 |
_aКонцепция модернизации многоуровневой системы педагогического образования в Республике Башкортостан _fМ-во образования Респ. Башкортостан, Башкир. гос. пед. ун-т им. М. Акмуллы, Аналит.-прогност. центр развития системы образования в Респ. Башкортостан _g[авт.-разраб.: Асадуллин Р.М. и др.] |
|
| 210 |
_aУфа _cИзд-во БГПУ _cВагант _d2008 |
||
| 215 |
_a59 с. _cил. _d20 |
||
| 320 | _aБиблиогр.: с. 52-58 (103 назв.) | ||
| 606 | 1 |
_aМногоуровневое педагогическое образование _xМодернизация _yБашкортостан, Республика _92564850 _3RU\NLR\auth\661517003 |
|
| 686 |
_aЧ34(2Р-6Б)7,0 _2rubbk |
||
| 686 | _aЧ489.514(2Р) | ||
| 701 | 1 |
_aАсадуллин _bР. М. _gРаиль Мирваевич _4070 |
|
| 712 | 0 | 2 |
_4570 _aБашкирский государственный педагогический университет им. М. Акмуллы _cУфа _bАналитико-прогностический центр _3RU\NLR\AUTH\8810135705 _9767341 |
| 801 | 0 |
_aRU _bРКП _c20090515 _grcr |
|
| 801 | 1 |
_aRU _bРГБ _c20090515 |
|
| 801 | 2 |
_aRU _bNLR _c20090709 _grcr |
|
| 830 | _aразраб. раскрыт по кн. | ||
| 942 | _cBOOK | ||
| 980 | _aNB | ||
| 980 | _aNBR | ||